Team building and leadership-with text and cases for MBA, MCA, PGDM, BBA, BCA, courtses and other management professionals / (Record no. 52759)

MARC details
000 -LEADER
fixed length control field 01135nam a22002657a 4500
005 - DATE AND TIME OF LATEST TRANSACTION
control field 20110606164626.0
008 - FIXED-LENGTH DATA ELEMENTS--GENERAL INFORMATION
fixed length control field 110606t xxu||||| |||| 00| 0 eng d
010 ## - LCCN (DPL NO)
LC control number ENG-102554
020 ## - INTERNATIONAL STANDARD BOOK NUMBER
International Standard Book Number 9789350248003
Terms of availability 240.00
035 ## - SYSTEM CONTROL NUMBER
System control number EN-86087
037 ## - SOURCE OF ACQUISITION
Source of stock number/acquisition DBAD/PUB
040 ## - CATALOGING SOURCE
Original cataloging agency DPL
Language of cataloging Eng
082 ## - DEWEY DECIMAL CLASSIFICATION NUMBER
Classification number 658.402
100 ## - MAIN ENTRY--PERSONAL NAME
9 (RLIN) 28359
Personal name Tripathi, D. K.
245 ## - TITLE STATEMENT
Title Team building and leadership-with text and cases for MBA, MCA, PGDM, BBA, BCA, courtses and other management professionals /
Statement of responsibility, etc by D. K. Tripathi
260 ## - PUBLICATION, DISTRIBUTION, ETC. (IMPRINT)
Place of publication, distribution, etc Mumbai
Name of publisher, distributor, etc Himalaya Publishing House
Date of publication, distribution, etc 2011
270 ## - ADDRESS
Address "Ramdoot", Dr. Bhalerao Marg, Girgaon
City Mumbai
Postal code 400004
Telephone number 022-23860170/23863863
300 ## - PHYSICAL DESCRIPTION
Extent 288p. :
Dimensions 24 cm (pbk)
Other physical details ill.
500 ## - GENERAL NOTE
General note Includes bibliographical references
650 ## - SUBJECT ADDED ENTRY--TOPICAL TERM
9 (RLIN) 28360
700 ## - ADDED ENTRY--PERSONAL NAME
9 (RLIN) 28362
942 ## - ADDED ENTRY ELEMENTS (KOHA)
Source of classification or shelving scheme Dewey Decimal Classification
Item type English Books
Call number suffix TRI
Classification part 658.402
Holdings
Withdrawn status Lost status Source of classification or shelving scheme Damaged status Not for loan Collection code Home library Current library Date acquired Source of acquisition Cost, normal purchase price Total Checkouts Full call number Barcode Date last seen Copy number Cost, replacement price Koha item type
    Dewey Decimal Classification   Not For Loan Non-fiction D.B.Act.Division D.B.Act.Division 06/06/2011 DBAD/PUB 240.00   658.402 TRI EN-86087 06/06/2011 1 240.00 English Books

© Delhi Public Library
Hit Counter
free hit counter